Basic electronics: solid state (Record no. 576829)

000 -LEADER
fixed length control field 00323nam a22001337a 4500
082 ## - DEWEY DECIMAL CLASSIFICATION NUMBER
Classification number 621.381 THE
100 ## - MAIN ENTRY--PERSONAL NAME
Personal name Theraja, B.L.
9 (RLIN) 7131
245 ## - TITLE STATEMENT
Title Basic electronics: solid state
250 ## - EDITION STATEMENT
Edition statement 5th
260 ## - PUBLICATION, DISTRIBUTION, ETC.
Place of publication, distribution, etc. India
Name of publisher, distributor, etc. S.Chand
Date of publication, distribution, etc. 2018
300 ## - PHYSICAL DESCRIPTION
Extent xix,715 P
650 ## - SUBJECT ADDED ENTRY--TOPICAL TERM
Topical term or geographic name entry element Basic Electronics-Solid State
9 (RLIN) 69619
942 ## - ADDED ENTRY ELEMENTS (KOHA)
Koha item type Book
Holdings
Withdrawn status Lost status Damaged status Not for loan Collection code Permanent Location Current Location Shelving location Date acquired Total Checkouts Full call number Barcode Date last seen Price effective from Koha item type
          College of Electrical & Mechanical Engineering (CEME) College of Electrical & Mechanical Engineering (CEME) General Stacks 10/16/2019   621.381 THE CEME-49558 06/28/2021 06/28/2021 Book
© 2023 Central Library, National University of Sciences and Technology. All Rights Reserved.